MARC details
| 000 -LEADER |
| fixed length control field |
02392nam a2200541Ia 4500 |
| 001 - CONTROL NUMBER |
| control field |
sjds1106802 |
| 003 - CONTROL NUMBER IDENTIFIER |
| control field |
sjds |
| 005 - DATE AND TIME OF LATEST TRANSACTION |
| control field |
20171023142609.0 |
| 008 - FIXED-LENGTH DATA ELEMENTS--GENERAL INFORMATION |
| fixed length control field |
060914t20062006nyua b 000 1 spa d |
| 020 ## - INTERNATIONAL STANDARD BOOK NUMBER |
| International Standard Book Number |
0439874254 (pbk.) |
| 020 ## - INTERNATIONAL STANDARD BOOK NUMBER |
| International Standard Book Number |
9780439874250 (pbk.) |
| 035 ## - SYSTEM CONTROL NUMBER |
| System control number |
327443 |
| 035 ## - SYSTEM CONTROL NUMBER |
| System control number |
(OCoLC)71325015 |
| 035 ## - SYSTEM CONTROL NUMBER |
| System control number |
327443 |
| 040 ## - CATALOGING SOURCE |
| Original cataloging agency |
LPU |
| Transcribing agency |
LPU |
| Modifying agency |
BAKER |
| -- |
IFA |
| -- |
UtOrBLW |
| 041 ## - LANGUAGE CODE |
| Language code of text/sound track or separate title |
spa |
| Language code of original |
eng |
| 049 ## - LOCAL HOLDINGS (OCLC) |
| Holding library |
IFAA |
| 099 ## - LOCAL FREE-TEXT CALL NUMBER (OCLC) |
| Classification number |
CHILDREN ESPANOL FICTION PARK |
| 999 ## - SYSTEM CONTROL NUMBERS (KOHA) |
| Koha Dewey Subclass [OBSOLETE] |
CHILDREN ESPANOL FICTION PARK |
| 100 1# - MAIN ENTRY--PERSONAL NAME |
| Personal name |
Park, Barbara, |
| Relator term |
author. |
| 240 10 - UNIFORM TITLE |
| Uniform title |
<a href="Junie B. Jones is a party animal.">Junie B. Jones is a party animal.</a> |
| Language of a work |
Spanish |
| 245 10 - TITLE STATEMENT |
| Title |
Junie B. Jones duerme en una mansión / |
| Statement of responsibility, etc. |
por Barbara Park ; ilustrado por Denise Brunkus ; [translated by Aurora Hernandez]. |
| 260 ## - PUBLICATION, DISTRIBUTION, ETC. (IMPRINT) |
| Place of publication, distribution, etc. |
New York : |
| Name of publisher, distributor, etc. |
Scholastic, |
| Date of publication, distribution, etc. |
c2006 |
| 264 #1 - PRODUCTION, PUBLICATION, DISTRIBUTION, MANUFACTURE, AND COPYRIGHT NOTICE |
| Place of production, publication, distribution, manufacture |
New York : |
| Name of producer, publisher, distributor, manufacturer |
Scholastic, |
| Date of production, publication, distribution, manufacture, or copyright notice |
[2006] |
| 264 #4 - PRODUCTION, PUBLICATION, DISTRIBUTION, MANUFACTURE, AND COPYRIGHT NOTICE |
| Date of production, publication, distribution, manufacture, or copyright notice |
c2006 |
| 300 ## - PHYSICAL DESCRIPTION |
| Extent |
71 pages : |
| Other physical details |
illustrations ; |
| Dimensions |
20 cm. |
| 336 ## - CONTENT TYPE |
| Content type term |
text |
| Content type code |
txt |
| Source |
rdacontent |
| 337 ## - MEDIA TYPE |
| Media type term |
unmediated |
| Media type code |
n |
| Source |
rdamedia |
| 338 ## - CARRIER TYPE |
| Carrier type term |
volume |
| Carrier type code |
nc |
| Source |
rdacarrier |
| 490 1# - SERIES STATEMENT |
| Series statement |
The Junie B. Jones series ; |
| Volume/sequential designation |
#10 |
| 500 ## - GENERAL NOTE |
| General note |
"Scholastic en español"--Cover. |
| 520 ## - SUMMARY, ETC. |
| Summary, etc. |
Lucille invites Junie B. and her friend Grace to sleep over at her very rich nanna's house, where everything is beautiful, expensive, and breakable. |
| 520 ## - SUMMARY, ETC. |
| Summary, etc. |
Lucille le invita a Junie D. y su amiga Grace a la casa de su abuelita rica para pasar la noche. |
| 526 0# - STUDY PROGRAM INFORMATION NOTE |
| Program name |
Accelerated Reader |
| Interest level |
LG |
| Reading level |
2.7 |
| Title point value |
1.0 |
| Public note |
17571SP |
| 650 #0 - SUBJECT ADDED ENTRY--TOPICAL TERM |
| Topical term or geographic name as entry element |
Grandmothers |
| Form subdivision |
Juvenile fiction. |
| 650 #0 - SUBJECT ADDED ENTRY--TOPICAL TERM |
| Topical term or geographic name as entry element |
Wealth |
| Form subdivision |
Juvenile fiction. |
| 650 #7 - SUBJECT ADDED ENTRY--TOPICAL TERM |
| Topical term or geographic name as entry element |
Abuelas |
| Form subdivision |
Novela juvenil. |
| Source of heading or term |
bidex |
| 650 #7 - SUBJECT ADDED ENTRY--TOPICAL TERM |
| Topical term or geographic name as entry element |
Riqueza |
| Form subdivision |
Novela juvenil. |
| Source of heading or term |
bidex |
| 700 1# - ADDED ENTRY--PERSONAL NAME |
| Personal name |
Brunkus, Denise, |
| Relator term |
illustrator. |
| 800 1# - SERIES ADDED ENTRY--PERSONAL NAME |
| Personal name |
Park, Barbara. |
| Title of a work |
Junie B. Jones series ; |
| Volume/sequential designation |
#10. |
| Language of a work |
Spanish. |
| 856 42 - ELECTRONIC LOCATION AND ACCESS |
| Materials specified |
Contributor biographical information |
| Uniform Resource Identifier |
<a href="http://www.loc.gov/catdir/bios/random057/97017320.html">http://www.loc.gov/catdir/bios/random057/97017320.html</a> |
| 856 41 - ELECTRONIC LOCATION AND ACCESS |
| Materials specified |
Sample text |
| Uniform Resource Identifier |
<a href="http://www.loc.gov/catdir/samples/random044/97017320.html">http://www.loc.gov/catdir/samples/random044/97017320.html</a> |
| 856 42 - ELECTRONIC LOCATION AND ACCESS |
| Materials specified |
Publisher description |
| Uniform Resource Identifier |
<a href="http://www.loc.gov/catdir/description/random0411/97017320.html">http://www.loc.gov/catdir/description/random0411/97017320.html</a> |
| 856 42 - ELECTRONIC LOCATION AND ACCESS |
| Materials specified |
Contributor biographical information |
| Uniform Resource Identifier |
<a href="http://www.loc.gov/catdir/bios/random057/97017320.html">http://www.loc.gov/catdir/bios/random057/97017320.html</a> |
| 856 41 - ELECTRONIC LOCATION AND ACCESS |
| Materials specified |
Sample text |
| Uniform Resource Identifier |
<a href="http://www.loc.gov/catdir/samples/random044/97017320.html">http://www.loc.gov/catdir/samples/random044/97017320.html</a> |
| 856 42 - ELECTRONIC LOCATION AND ACCESS |
| Materials specified |
Publisher description |
| Uniform Resource Identifier |
<a href="http://www.loc.gov/catdir/description/random0411/97017320.html">http://www.loc.gov/catdir/description/random0411/97017320.html</a> |
| 942 ## - ADDED ENTRY ELEMENTS (KOHA) |
| Koha item type |
Libro/Book |